Logo BPK

Biblioteka

Politechniki Koszalińskiej

Räuber-Rede : (Rekord nr 50421)

Szczegóły MARC
000 -ETYKIETA REKORDU
podpole kontrolne o stałej długości 00586nam a2200217 i 4500
001 - NUMER KONTROLNY REKORDU
pole kontrolne bgj
020 ## - MIĘDZYNARODOWY ZNORMALIZOWANY NUMER KSIĄŻKI - ISBN
ISBN 3498028596
040 ## - ŹRÓDŁO KATALOGOWANIA
Instytucja, która utworzyła rekord BPK
041 0# - KOD JĘZYKA
Kod języka tekstu ger
044 ## - KOD KRAJU WYDAWCY/PRODUCENTA
Kod kraju wydawcy/producenta DEU
080 ## - UNIWERSALNA KLASYFIKACJA DZIESIĘTNA - UKD
UKD 821.112.2
920 ## - Międzynarodowy znormalizowany numer książki – ISBN
ISBN 3-498-02859-6
008 - POLE O STAŁEJ DŁUGOŚCI - DANE KONTROLNE
podpole kontrolne o stałej długości s gw f |000 0 ger
100 1# - NAZWA OSOBOWA
Nazwa osobowa HOCHHUTH, Rolf.
245 10 - TYTUŁ/ODPOWIEDZIALNOŚĆ
Tytuł Räuber-Rede :
Ciąg dalszy tytułu drei deutsche Vorwürfe Schiller, Lessing, Geschwister Scholl /
Pozostałe elementy strefy tytułu i oznaczenia odpowiedzialności Rolf Hochhuth.
260 ## - STREFA ADRESU WYDAWNICZEGO
Miejsce wydania Reinbek bei Hamburg :
Nazwa wydawcy/dystrybutora Rowohlt,
Data publikacji, dystrybucji/powstania dokumentu 1982.
300 ## - STREFA OPISU FIZYCZNEGO
Objętość 222, [2] s. ;
Rozmiary 21 cm.
504 ## - UWAGA DOTYCZĄCA BIBLIOGRAFII
Informacje o bibliografii Bibliogr.
650 9# - HASŁO PRZEDMIOTOWE W FORMIE NAZWY OGÓLNEJ LUB JEDNOSTKOWEJ
Nazwa ogólna lub geograficzna Literatura niemiecka
856 ## - LOKALIZACJA I DOSTĘP DO ELEKTRONICZNYCH DOKUMENTÓW ZDALNYCH
Link (URL) http://koha.tu.koszalin.pl/cgi-bin/koha/opac-detail.pl?biblionumber=50421
Tekst linku Katalog online BPK
942 ## - DODATKOWE ELEMENTY (KOHA)
Typ dokumentu Książka
Egzemplarze
Wycofany Status egzemplarza Uszkodzony Dostępność Lokalizacja stała Lokalizacja bieżąca Miejsce przechowywania Sygnatura Kod kreskowy Typ dokumentu
      Tylko na miejscu Biblioteka Politechniki Koszalińskiej Biblioteka Politechniki Koszalińskiej Czytelnia Wydziałowa ul. Kwiatkowskiego 6e N 334 02121970 Książka
© 2023 Biblioteka Politechniki Koszalińskiej :: KOHA